60 Most Popular Authors/Poets - Nichole - Statistics

General Stats
  • This quiz has been taken 76 times
    29 since last reset
  • The average score is 46 of 60
Answer Stats
Answer Hint % Correct
Edgar Allan Poe The Raven, The Tell-Tale Heart, The Fall of the House of Usher, The Cask of Amontillado, Annabel Lee
100%
Geoffrey Chaucer The Canterbury Tales, Troilus and Criseyde, The Book of the Duchess, The House of Fame
100%
George Orwell 1984, Animal Farm, Homage to Catalonia, Down and Out in Paris and London
100%
J.K. Rowling Harry Potter and the Sorcerer’s Stone, Harry Potter and the Chamber of Secrets, Harry Potter and the Prisoner of Azkaban, Harry Potter and the Goblet of Fire, Harry Potter and the Order of the Phoenix
100%
J.R.R. Tolkien The Hobbit, The Lord of the Rings (The Fellowship of the Ring, The Two Towers, The Return of the King)
100%
William Shakespeare Hamlet, Macbeth, Romeo and Juliet, Othello, A Midsummer Night's Dream
100%
Edgar Allan Poe The Raven, Annabel Lee, To Helen, The Bells, A Dream Within a Dream
94%
Franz Kafka The Metamorphosis, The Trial, The Castle, Amerika
94%
Harper Lee To Kill a Mockingbird, Go Set a Watchman
94%
John Steinbeck Of Mice and Men, The Grapes of Wrath, East of Eden, Cannery Row, The Pearl
94%
Robert Louis Stevenson Treasure Island, Strange Case of Dr Jekyll and Mr Hyde, Kidnapped, The Master of Ballantrae, Catriona
94%
Alexandre Dumas The Three Musketeers, The Count of Monte Cristo, Twenty Years After, The Man in the Iron Mask, The Black Tulip
93%
Charles Dickens A Tale of Two Cities, Great Expectations, Oliver Twist, David Copperfield, Bleak House
93%
Charlotte Brontë Jane Eyre, Shirley, Villette, The Professor
93%
Emily Brontë Wuthering Heights
93%
F. Scott Fitzgerald The Great Gatsby, Tender Is the Night, This Side of Paradise, The Beautiful and Damned
93%
Mark Twain The Adventures of Tom Sawyer, Adventures of Huckleberry Finn, The Prince and the Pauper, A Connecticut Yankee in King Arthur’s Court
93%
Miguel de Cervantes Don Quixote, The Exemplary Novels, La Galatea, The Dialogue of the Dogs, The Trials of Persiles and Sigismunda
93%
Oscar Wilde The Picture of Dorian Gray, The Importance of Being Earnest, De Profundis, Lady Windermere’s Fan, An Ideal Husband
93%
Victor Hugo Les Misérables, The Hunchback of Notre-Dame, Toilers of the Sea, The Man Who Laughs, Ninety-Three
93%
James Joyce Ulysses, A Portrait of the Artist as a Young Man, Dubliners, Finnegans Wake, Exiles
92%
Thomas Hardy Tess of the d'Urbervilles, Far from the Madding Crowd, Jude the Obscure, The Mayor of Casterbridge, The Return of the Native
92%
Dante Alighieri The Divine Comedy (Inferno, Purgatorio, Paradiso)
88%
Ernest Hemingway The Old Man and the Sea, A Farewell to Arms, For Whom the Bell Tolls, The Sun Also Rises, The Garden of Eden
88%
Fyodor Dostoevsky Crime and Punishment, The Brothers Karamazov, Notes from Underground, The Idiot, Demons
88%
George Eliot Middlemarch, Silas Marner, The Mill on the Floss, Daniel Deronda, Adam Bede
88%
Homer The Iliad, The Odyssey
88%
Jane Austen Pride and Prejudice, Sense and Sensibility, Emma, Mansfield Park, Persuasion
88%
Leo Tolstoy War and Peace, Anna Karenina, The Death of Ivan Ilyich, Resurrection, Childhood
88%
Virginia Woolf Mrs. Dalloway, To the Lighthouse, Orlando, The Waves, A Room of One’s Own
88%
Gabriel García Márquez One Hundred Years of Solitude, Love in the Time of Cholera, Chronicle of a Death Foretold, No One Writes to the Colonel, The Autumn of the Patriarch
87%
Herman Melville Moby-Dick, Bartleby, the Scrivener, Billy Budd, Typee, Omoo
87%
Mary Shelley Frankenstein, The Last Man, Valperga, Lodore, Mathilda
87%
Ray Bradbury Fahrenheit 451, The Martian Chronicles, Dandelion Wine, Something Wicked This Way Comes, The Illustrated Man
87%
Louisa May Alcott Little Women, Good Wives, Little Men, Jo’s Boys, Hospital Sketches
86%
Salman Rushdie Midnight’s Children, The Satanic Verses, The Moor’s Last Sigh, Shalimar the Clown, Haroun and the Sea of Stories
86%
Joseph Conrad Heart of Darkness, Lord Jim, Nostromo, The Secret Agent, Under Western Eyes
85%
Margaret Atwood The Handmaid’s Tale, Oryx and Crake, Alias Grace, The Blind Assassin, Cat’s Eye
85%
Toni Morrison Beloved, Song of Solomon, The Bluest Eye, Sula, Jazz
85%
Aldous Huxley Brave New World, Island, Point Counter Point, Eyeless in Gaza
80%
Jack London The Call of the Wild, White Fang, The Sea-Wolf, Martin Eden, To Build a Fire
80%
Kurt Vonnegut Slaughterhouse-Five, Cat’s Cradle, Breakfast of Champions, The Sirens of Titan, Mother Night
80%
Sylvia Plath Daddy, Lady Lazarus, Ariel, The Bell Jar (prose, but includes poetic elements), Tulips
77%
Nathaniel Hawthorne The Scarlet Letter, The House of the Seven Gables, Twice-Told Tales, The Blithedale Romance, The Marble Faun
73%
John Milton Paradise Lost, Paradise Regained, Areopagitica, Samson Agonistes, Lycidas
71%
Henrik Ibsen A Doll’s House, Hedda Gabler, Peer Gynt, The Master Builder, Ghosts
67%
John Keats Ode to a Nightingale, Ode on a Grecian Urn, To Autumn, Bright Star, La Belle Dame sans Merci
64%
Virgil The Aeneid, Eclogues, Georgics
64%
Sophocles Oedipus Rex, Antigone, Electra, Ajax, Trachiniae
63%
Samuel Beckett Waiting for Godot, Endgame, Krapp’s Last Tape, Happy Days, Murphy
60%
Albert Camus The Stranger, The Plague, The Fall, The Myth of Sisyphus, A Happy Death
56%
E.M. Forster A Room with a View, A Passage to India, Howard’s End Maurice, The Longest Journey
50%
Emily Dickinson Because I Could Not Stop for Death, I Heard a Fly Buzz—When I Died, Hope is the Thing with Feathers, I'm Nobody! Who Are You?, Wild Nights—Wild Nights!
50%
Maya Angelou Still I Rise, Phenomenal Woman, On the Pulse of Morning, Caged Bird, A Brave and Startling Truth
50%
Robert Frost The Road Not Taken, Stopping by Woods on a Snowy Evening, Fire and Ice, Mending Wall, Birches
50%
T.S. Eliot The Waste Land, The Love Song of J. Alfred Prufrock, Four Quartets, Ash Wednesday, Old Possum’s Book of Practical Cats
50%
Walt Whitman Song of Myself, O Captain! My Captain!, I Sing the Body Electric, When Lilacs Last in the Dooryard Bloom’d, Leaves of Grass
50%
Edith Wharton The Age of Innocence, Ethan Frome, The House of Mirth, Summer, The Custom of the Country
46%
Chinua Achebe Things Fall Apart, No Longer at Ease, Arrow of God, A Man of the People, Anthills of the Savannah
33%
Rumi The Guest House, The Essential Rumi (collection), A Moment of Happiness, The Soul of Wine, Don’t Go Back to Sleep
33%
Euripides Medea, The Bacchae, Hippolytus, The Trojan Women, Electra
31%
Flannery O’Connor A Good Man is Hard to Find, Everything That Rises Must Converge, Wise Blood, The Violent Bear It Away
25%
Langston Hughes The Negro Speaks of Rivers, Harlem ("What happens to a dream deferred?"), I, Too, Let America Be America Again, Dreams
19%
Zora Neale Hurston Their Eyes Were Watching God, Dust Tracks on a Road, Moses, Man of the Mountain, Jonah’s Gourd Vine, Seraph on the Suwanee
19%
No matching quizzes found
Score Distribution
Percent of People with Each Score
Percentile by Number Answered
Your Score History
You have not taken this quiz since the last reset